书目信息 |
| 题名: |
电脑时代
|
|
| 作者: | 程栋 撰稿 | |
| 分册: | ||
| 出版信息: | 杭州 浙江教育出版社 1997 |
|
| 页数: | 146页 | |
| 开本: | 29cm | |
| 丛书名: | 世界科普画廊 | |
| 单 册: | ||
| 中图分类: | TP3-49 , N49 | |
| 科图分类: | ||
| 主题词: | 普及读物 , 自然科学--普及读物 | |
| 电子资源: | ||
| ISBN: | 7-5338-2787-2 | |
| 000 | 00707nam2 2200265 450 | |
| 001 | 1569901128 | |
| 005 | 20150118192527.15 | |
| 010 | @a7-5338-2787-2@b精装@dCNY48.00 | |
| 100 | @a20021005d1997 em y0chiy0110 ea | |
| 101 | 0 | @achi |
| 102 | @aCN@b330000 | |
| 105 | @ay z 000yy | |
| 200 | 1 | @a电脑时代@9dian nao shi dai@f程栋等撰稿 |
| 210 | @a杭州@c浙江教育出版社@d1997 | |
| 215 | @a146页@d29cm | |
| 225 | 2 | @a世界科普画廊 |
| 300 | @a国家“九五”出版规划重点图书 | |
| 461 | 0 | @12001 @a世界科普画廊 |
| 606 | 0 | @x普及读物 |
| 606 | 0 | @a自然科学@x普及读物 |
| 690 | @aTP3-49@v5 | |
| 690 | @aN49@v4 | |
| 701 | 0 | @a程栋@9cheng dong@4撰稿 |
| 801 | 0 | @aCN@bTSSF@c20150118 |
| 905 | @aZUCC@dN49@eJY166 | |
| 电脑时代/程栋等撰稿.-杭州:浙江教育出版社,1997 |
| 146页;29cm.-(世界科普画廊) |
| 国家“九五”出版规划重点图书 |
| ISBN 7-5338-2787-2(精装):CNY48.00 |
| ● |
| 相关链接 |
|
|
|
|
正题名:电脑时代
索取号:N49/JY166
 
预约/预借
| 序号 | 登录号 | 条形码 | 馆藏地/架位号 | 状态 | 备注 |
| 1 | 7847935 | 278479353 | 学院路分馆/ [索取号:N49/JY166] | 在馆 |